[Event "Titled Tue 2nd Jul Late"]
[Site "chess.com INT"]
[Date "2024.07.02"]
[Round "6"]
[White "Sindarov,Javokhir"]
[Black "Nakamura,Hi"]
[Result "1/2-1/2"]
[WhiteElo "2674"]
[BlackElo "2802"]

1.e4 e5 2.Nf3 Nc6 3.Bc4 Nf6 4.Ng5 d5 5.exd5 Na5 6.Bb5+ c6 7.dxc6 bxc6 8.Bd3 Nd5
9.Nf3 Bd6 10.O-O Bg4 11.Nc3 O-O 12.Be2 Nf4 13.d3 Nxe2+ 14.Nxe2 Bxf3 15.gxf3 Qh4
16.Kh1 Rae8 17.Ng3 f5 18.Rg1 c5 19.c3 Re6 20.Bd2 Kh8 21.Rg2 Nc6 22.Qb3 Rg6
23.Rag1 Ne7 24.Qc4 Qh3 25.d4 f4 26.Ne4 Qxf3 27.Nxd6 Rxg2 28.Rxg2 Qd1+ 29.Rg1 Qf3+
30.Rg2 Qd1+  1/2-1/2

[Event "Titled Tue 2nd Jul Early"]
[Site "chess.com INT"]
[Date "2024.07.02"]
[Round "6"]
[White "Idani,P"]
[Black "Nakamura,Hi"]
[Result "0-1"]
[WhiteElo "2595"]
[BlackElo "2802"]

1.e4 g6 2.d4 c6 3.Nc3 d5 4.Nf3 dxe4 5.Nxe4 Nf6 6.Nxf6+ exf6 7.Bc4 Bg7 8.Qe2+ Qe7
9.Qxe7+ Kxe7 10.c3 Nd7 11.O-O Rd8 12.Re1+ Kf8 13.a4 Nb6 14.Bb3 a5 15.Bf4 Nd5
16.Bxd5 Rxd5 17.Nd2 Be6 18.Nc4 Ra6 19.Bd6+ Kg8 20.Bc5 Rxc5 21.dxc5 Bxc4 22.Re8+ Bf8
23.b4 Kg7 24.h3 f5 25.Rd1 Bd5 26.b5 Ra7 27.b6 Ra6 28.Rxd5 cxd5 29.Rc8 Be7
30.Kf1 Bf6 31.Rc7 d4 32.cxd4 Bxd4 33.Ke2 Ra8 34.f3 Rd8 35.c6 bxc6 36.b7 Rb8
37.Kd3 Bb6  0-1

[Event "Titled Tue 2nd Jul Late"]
[Site "chess.com INT"]
[Date "2024.07.02"]
[Round "7"]
[White "Nakamura,Hi"]
[Black "Fiorito,Joaquin"]
[Result "1-0"]
[WhiteElo "2802"]
[BlackElo "2393"]

1.b3 Nf6 2.Bb2 c5 3.e3 Nc6 4.Nf3 g6 5.d4 cxd4 6.Nxd4 Bg7 7.Nxc6 bxc6 8.c4 O-O
9.Be2 a5 10.Nc3 Ne4 11.Qc1 Nxc3 12.Bxc3 d5 13.Bxg7 Kxg7 14.Qc3+ Kg8 15.Rd1 e6
16.O-O Qe7 17.Rd4 Ba6 18.Rc1 Rfc8 19.Rd2 Qb4 20.Kf1 Qd6 21.g3 Rcb8 22.e4 Qa3
23.cxd5 Bxe2+ 24.Kxe2 cxd5 25.exd5 exd5 26.Qc5 Rb4 27.Rc3 a4 28.Qxd5 Re8+
29.Kf1 axb3 30.Rxb3 Qc1+ 31.Kg2 Rbe4 32.Rb7 R4e6 33.Rd3 Rf6 34.Rf3 Rxf3 35.Qxf3 Qc4
36.a3 Re1 37.h4 h5 38.Kh2 Re8 39.Qf6 Rc8 40.Rd7 Rf8 41.Rd8 Qa2 42.Rxf8+ Kxf8
43.Qd8+ Kg7 44.Qd4+ Kg8 45.Qe3 Kg7 46.Qc3+ Kg8 47.Kg2 Qd5+ 48.Qf3 Qa2 49.Qa8+ Kg7
50.a4 Kh7 51.a5 Kg7 52.Qa7 Qd5+ 53.Kh2 Qa2 54.Qb6  1-0

[Event "Titled Tue 2nd Jul Early"]
[Site "chess.com INT"]
[Date "2024.07.02"]
[Round "7"]
[White "Nakamura,Hi"]
[Black "Klukin,Kirill"]
[Result "1-0"]
[WhiteElo "2802"]
[BlackElo "2413"]

1.e4 c5 2.Nf3 g6 3.c3 d5 4.e5 d4 5.Bc4 Nc6 6.O-O Bg7 7.Re1 Nh6 8.h3 O-O 9.d3 Be6
10.Na3 Bxc4 11.Nxc4 b5 12.Na3 a6 13.Nc2 Qd5 14.cxd4 cxd4 15.Bf4 e6 16.Re4 Nf5
17.Qd2 Rfd8 18.Bg5 Rd7 19.g4 Nfe7 20.Bf6 Rc8 21.a3 Qc5 22.Rae1 Bxf6 23.exf6 Nd5
24.g5 h5 25.Ncxd4 Nxd4 26.Rxd4 Rcd8 27.Rc1 Qb6 28.Re4 Nc7 29.Ne5 Rd5 30.Qc3 Ne8
31.Qc6 Qb8 32.Qc3 Nd6 33.Ree1 Qb7 34.Qc6 Qa7 35.Qc7 Qxc7 36.Rxc7 Nf5 37.Nxf7 R8d7
38.Rxd7 Rxd7 39.Ne5 Rd5 40.Nxg6 Nd4 41.Ne7+  1-0

[Event "Titled Tue 2nd Jul Late"]
[Site "chess.com INT"]
[Date "2024.07.02"]
[Round "8"]
[White "Sarana,A"]
[Black "Nakamura,Hi"]
[Result "1/2-1/2"]
[WhiteElo "2717"]
[BlackElo "2802"]

1.d4 f5 2.c4 Nf6 3.Nc3 d6 4.Nf3 g6 5.g3 Bg7 6.Bg2 O-O 7.O-O c6 8.Rb1 Qe8
9.d5 e5 10.dxe6 Bxe6 11.b3 d5 12.cxd5 Nxd5 13.Nxd5 Bxd5 14.Bb2 Bxb2 15.Rxb2 Nd7
16.Rd2 Nf6 17.Nd4 Bxg2 18.Kxg2 Ne4 19.Rd3 Rd8 20.Nf3 Qe7 21.Qc2 Rxd3 22.exd3 Nf6
23.Qc4+ Nd5 24.Re1 Qd6 25.Re5 Rd8 26.h4 Qf6 27.d4 h6 28.Qe2 Kf7 29.Qd2 Kg7
30.Qe2 Kf7 31.Qd2 Kg7 32.Qe2 Kf7  1/2-1/2

[Event "Titled Tue 2nd Jul Early"]
[Site "chess.com INT"]
[Date "2024.07.02"]
[Round "8"]
[White "Drygalov,Andrey"]
[Black "Nakamura,Hi"]
[Result "0-1"]
[WhiteElo "2457"]
[BlackElo "2802"]

1.e4 g6 2.d4 c6 3.Nc3 d5 4.Nf3 dxe4 5.Nxe4 Nf6 6.Nxf6+ exf6 7.Bc4 Bg7 8.Qe2+ Qe7
9.Qxe7+ Kxe7 10.Bf4 Rd8 11.O-O-O Be6 12.Rhe1 Na6 13.d5 cxd5 14.Bxd5 Rd7 15.Bxe6 Rxd1+
16.Rxd1 fxe6 17.Bd6+ Ke8 18.Nd4 e5 19.Nb5 Bh6+ 20.Kb1 Rd8 21.Rd3 e4 22.Rd4 f5
23.Be5 Rd7 24.c3 Nc5 25.Nxa7 Nd3 26.Rxd7 Kxd7 27.Bd4 Ne1 28.g3 Nf3 29.Bc5 Nxh2
30.b4 Bd2 31.Nb5 Be1 32.Kc2 Ng4 33.a4 Nxf2 34.a5 Nd3 35.Bd6 Kc6 36.c4 Bxb4
37.Bf4 Bxa5 38.Nd4+ Kd7 39.Be3 Bb6 40.Kc3 Bxd4+ 41.Kxd4 Ke6 42.Bd2 Kf6 43.Be3 g5
44.Kd5 h5 45.Bd4+ Kg6 46.Kd6 h4 47.gxh4 gxh4 48.Bg1 h3 49.Kc7 e3 50.Bxe3  0-1

[Event "Titled Tue 2nd Jul Early"]
[Site "chess.com INT"]
[Date "2024.07.02"]
[Round "9"]
[White "Nakamura,Hi"]
[Black "Le Tuan Minh"]
[Result "1/2-1/2"]
[WhiteElo "2802"]
[BlackElo "2568"]

1.d4 d5 2.c4 c6 3.Nf3 Nf6 4.e3 a6 5.Bd3 b5 6.cxd5 cxd5 7.Ne5 e6 8.O-O Bb7
9.a4 b4 10.Nd2 Bd6 11.Nb3 Nbd7 12.f4 O-O 13.Bd2 a5 14.Qe2 Ne4 15.Rfc1 Bxe5
16.fxe5 f6 17.exf6 Ndxf6 18.Be1 Qd6 19.Nc5 Bc6 20.Bh4 Be8 21.Bxf6 Nxf6 22.h3 e5
23.Rf1 Bg6 24.Bxg6 hxg6 25.Rf3 e4 26.Rf2 Nh5 27.Raf1 Ng3 28.Rxf8+ Rxf8 29.Rxf8+ Qxf8
30.Qf2 Qd6 31.b3 Nf5 32.g4 Ne7 33.Kg2 g5 34.Qg3 Qd8 35.Qe5 Ng6 36.Qxg7+ Kxg7
37.Ne6+ Kf6 38.Nxd8 Ke7 39.Nb7 Kd7 40.Kg3 Kc7 41.Nc5 Kd6 42.Kf2 Nh4 43.Ke2 Nf3
44.Kf1 Nh4 45.Kf2 Nf3 46.Nd3 Nd2 47.Nc1 Nf3 48.Ke2 Ng1+ 49.Ke1 Nf3+ 50.Kd1 Ng1
51.Ne2 Nf3 52.Ng3 Ke6 53.Nf5 Kf6 54.Ke2 Ng1+ 55.Kd1 Nf3 56.Nd6 Ke6 57.Nf5 Kf6  1/2-1/2

[Event "Titled Tue 2nd Jul Late"]
[Site "chess.com INT"]
[Date "2024.07.02"]
[Round "9"]
[White "Nakamura,Hi"]
[Black "Erigaisi,Arjun"]
[Result "1/2-1/2"]
[WhiteElo "2802"]
[BlackElo "2778"]

1.b3 Nf6 2.Bb2 g6 3.d4 Bg7 4.Nf3 O-O 5.e3 b6 6.Be2 Bb7 7.O-O c5 8.c4 cxd4
9.Nxd4 Nc6 10.Bf3 Qc8 11.Nc3 Rd8 12.Nde2 Ne5 13.Bxb7 Qxb7 14.Nf4 d6 15.Qe2 a6
16.Rfd1 Rdc8 17.a4 Nc6 18.Rab1 Rd8 19.Ncd5 Nxd5 20.Nxd5 Bxb2 21.Rxb2 e6 22.Nc3 Qe7
23.Rbd2 Na5 24.b4 Nb7 25.Rd4 Rac8 26.Qd2 Rd7 27.Ne4 f5 28.Nc3 Rdc7 29.Qd3 d5
30.cxd5 Rxc3 31.Qxa6 e5 32.d6 Qd7 33.Rd5 Rc1 34.h3 Rxd1+ 35.Rxd1 Nxd6 36.Qxb6 Nc4
37.Rxd7 Nxb6 38.Ra7 Rc1+ 39.Kh2 Rc4 40.a5 Rxb4 41.Rb7 Nd5 42.a6 Ra4 43.a7 Nb6  1/2-1/2

[Event "Titled Tue 2nd Jul Late"]
[Site "chess.com INT"]
[Date "2024.07.02"]
[Round "10"]
[White "Martinez Alcantara,Jose Eduardo"]
[Black "Nakamura,Hi"]
[Result "0-1"]
[WhiteElo "2612"]
[BlackElo "2802"]

1.e4 c5 2.Nf3 Nc6 3.c3 d5 4.exd5 Qxd5 5.d4 g6 6.Be3 cxd4 7.cxd4 Nf6 8.Nc3 Qa5
9.Bc4 Bg7 10.O-O O-O 11.d5 Nb8 12.Qe2 Bg4 13.h3 Bxf3 14.Qxf3 Nbd7 15.Qe2 Ne8
16.Bg5 Nd6 17.Qxe7 Nxc4 18.Qxd7 Nb6 19.Qxb7 Rab8 20.Qc7 Rfc8 21.Qg3 Nxd5
22.Ne4 Rxb2 23.Rac1 Rf8 24.a3 h6 25.Rc5 Qa4 26.Bc1 Qxe4 27.Bxb2 Nf4 28.Qg4 h5
29.Qg3 Ne2+ 30.Kh2 Nxg3 31.fxg3 Bxb2  0-1

[Event "Titled Tue 2nd Jul Early"]
[Site "chess.com INT"]
[Date "2024.07.02"]
[Round "10"]
[White "Martinez Alcantara,Jose Eduardo"]
[Black "Nakamura,Hi"]
[Result "0-1"]
[WhiteElo "2612"]
[BlackElo "2802"]

1.e4 e5 2.Nf3 Nc6 3.Nc3 Nf6 4.d4 exd4 5.Nxd4 Bc5 6.Be3 Bb6 7.Nxc6 bxc6 8.Qf3 Qe7
9.Bd3 O-O 10.O-O d6 11.h3 Nd7 12.Qg3 Ne5 13.f4 Nxd3 14.cxd3 f5 15.Bxb6 axb6
16.Rae1 Qf7 17.Rf2 Qg6 18.Qf3 fxe4 19.dxe4 Bd7 20.Kh2 Rae8 21.Re3 Qf7 22.Qe2 c5
23.Rg3 Bc6 24.Qd3 Re6 25.f5 Re5 26.Rf4 Qf6 27.Rfg4 Rf7 28.a4 Rfe7 29.Qc4+ Kh8
30.b4 Qf7 31.Qxf7 Rxf7 32.b5 Bb7 33.Rf4 Rf8 34.Rgg4 Kg8 35.h4 Rf6 36.Kg1 Kf7
37.h5 d5 38.exd5 Bxd5 39.Rg3 Rfxf5 40.Nxd5 Rxd5 41.Rgf3 Kf6 42.g4 Rxf4 43.Rxf4+ Ke6
44.Kf2 Rd4 45.Rf8 Rxg4 46.Rc8 Kd7 47.a5 Kxc8  0-1

[Event "Titled Tue 2nd Jul Early"]
[Site "chess.com INT"]
[Date "2024.07.02"]
[Round "11"]
[White "Nakamura,Hi"]
[Black "Keymer,Vincent"]
[Result "1-0"]
[WhiteElo "2802"]
[BlackElo "2721"]

1.b3 d5 2.Bb2 Bg4 3.g3 c6 4.Bg2 Nf6 5.Nf3 Nbd7 6.d3 e6 7.h3 Bh5 8.g4 Bg6
9.Nh4 a5 10.a3 a4 11.b4 c5 12.bxc5 Bxc5 13.e3 O-O 14.Nd2 Ra6 15.Nxg6 hxg6
16.c4 Rb6 17.Bxf6 Nxf6 18.d4 Be7 19.Qxa4 Rb2 20.Qd1 Qa5 21.Qc1 Rb3 22.O-O Rxa3
23.Rxa3 Bxa3 24.Qc2 Bb4 25.Nb3 Qc7 26.Rc1 Rc8 27.Qb1 dxc4 28.Na1 Ba3 29.Rc2 Nd5
30.Qb5 Qc6 31.Qxc6 Rxc6 32.Ra2 Bf8 33.Ra8 b5 34.Nc2 c3 35.e4 Nf4 36.Bf1 b4
37.Rb8 Rc7 38.Kh2 f6 39.Kg3 g5 40.h4 Kf7 41.hxg5 fxg5 42.Kf3 Be7 43.Rb6 Ra7
44.Bc4 Rc7 45.Bb3 Rc8 46.d5 exd5 47.exd5 Bc5 48.d6+ Kf8 49.d7 Rd8 50.Rb5 Bd6
51.Rb7 Ke7 52.Ba4 Ne6 53.Nxb4 Bxb4 54.Rxb4 Nc5 55.Bc2 Nxd7 56.Rb5 Rc8 57.Ke3 Kf6
58.Rf5+ Ke6 59.Rxg5 Kf7 60.Rf5+ Ke7 61.f3 Rc7 62.Rb5 Nf6 63.g5 Nd7 64.f4 Nc5
65.f5 Kd6 66.Kd4 Nd7 67.Ra5 Nc5 68.Ra8 Nd7 69.Ra6+ Ke7 70.Re6+ Kf8 71.Rd6 Ke7
72.Ra6 Nb8 73.Rb6 Nc6+ 74.Kd5 Nb8 75.Rxb8 Rd7+ 76.Ke5 Rd2 77.f6+ gxf6+ 78.gxf6+ Kf7
79.Bb3+ Kg6 80.f7  1-0

[Event "Titled Tue 2nd Jul Late"]
[Site "chess.com INT"]
[Date "2024.07.02"]
[Round "11"]
[White "Nakamura,Hi"]
[Black "Naroditsky,D"]
[Result "1-0"]
[WhiteElo "2802"]
[BlackElo "2619"]

1.d4 Nf6 2.Bg5 Ne4 3.Bf4 Nc6 4.Nd2 Nxd2 5.Qxd2 d5 6.e3 a6 7.a3 Bf5 8.c4 e6
9.Ne2 dxc4 10.Ng3 Bg6 11.Bxc4 Bd6 12.Bxd6 cxd6 13.h4 d5 14.Ba2 h6 15.h5 Bh7
16.Rc1 O-O 17.O-O Rc8 18.Rc3 Qd7 19.f3 Na7 20.Ne2 Nb5 21.Rc5 b6 22.Rcc1 Nd6
23.Nc3 b5 24.Rfd1 Rc6 25.e4 dxe4 26.d5 exd5 27.Bxd5 Qa7+ 28.Qd4 Qxd4+ 29.Rxd4 Rc7
30.fxe4 Kh8 31.e5 Nf5 32.Rf4 Ne3 33.Bb3 Re7 34.e6 Nc4 35.Bxc4 bxc4 36.exf7 Rfxf7
37.Rxc4 Bd3 38.Rd4 Bf5 39.Rd6 Re6 40.Rcd1 Rff6 41.Rxe6 Rxe6 42.Rd5 Bg4 43.Kf2 Rf6+
44.Kg3 Be6 45.Rd6 a5 46.Ne4 Rf5 47.Rxe6 Rxh5 48.Nc3 Rc5 49.Rd6 Kh7 50.Rd5 Rc6
51.Rxa5 Rg6+ 52.Kh2 Rf6 53.b4 Rc6 54.Rc5 Rf6 55.a4 g5 56.a5 g4 57.Kg3 h5
58.Rxh5+ Kg6 59.Rc5 Re6 60.b5 Re7 61.a6 Kh6 62.b6 Rf7 63.b7 Kg7 64.b8=R Kh7
65.Rb7 Rg7 66.Rcb5 Kg6 67.R7b6+ Kh7 68.Ne4 Rg6 69.Rxg6 Kh8  1-0

[Event "Titled Tue 16th Jul Late"]
[Site "chess.com INT"]
[Date "2024.07.16"]
[Round "1"]
[White "Nakamura,Hi"]
[Black "Momunaliev,Ruslan"]
[Result "1-0"]
[WhiteElo "2802"]
[BlackElo "2023"]

1.Nf3 f5 2.d3 Nf6 3.e4 d6 4.e5 dxe5 5.Nxe5 g6 6.d4 Bg7 7.Bc4 e6 8.c3 Nc6
9.Nxc6 bxc6 10.O-O Nd5 11.Nd2 O-O 12.Re1 c5 13.dxc5 Kh8 14.Nf3 Qd7 15.Bxd5 exd5
16.Be3 Bb7 17.Bd4 Rae8 18.Bxg7+ Qxg7 19.Qd4 Re4 20.Qxg7+ Kxg7 21.Nd4 Rfe8
22.Red1 c6 23.f3 R4e7 24.Kf2 Kf6 25.b4 Re3 26.Rac1 a6 27.Re1 f4 28.Nc2 R3e7
29.Rxe7 Rxe7 30.a4 g5 31.Nd4 Re3 32.g4 Kg6 33.h4 h5 34.gxh5+ Kxh5 35.hxg5 Kxg5
36.Ne2 a5 37.Rg1+ Kf5 38.b5 cxb5 39.axb5 Ke5 40.Rg5+ Kf6 41.Rg8 a4 42.c6 Re7
43.cxb7 Rxb7 44.Ra8 Rxb5 45.Rxa4 Rb3 46.Rxf4+ Ke5 47.Rd4 Rb2 48.Ke3 Rb8 49.Nf4  1-0

[Event "Titled Tue 16th Jul Early"]
[Site "chess.com INT"]
[Date "2024.07.16"]
[Round "1"]
[White "Nakamura,Hi"]
[Black "Chyzy,Jakub"]
[Result "1-0"]
[WhiteElo "2802"]
[BlackElo "2368"]

1.Nf3 Nf6 2.b3 e6 3.Bb2 c5 4.e3 Nc6 5.d4 d5 6.Bd3 Be7 7.O-O O-O 8.Nbd2 b6
9.dxc5 bxc5 10.c4 Bb7 11.cxd5 exd5 12.Rc1 Qb6 13.Ba1 Rac8 14.Bf5 Rc7 15.Ne5 Rd8
16.Nxc6 Bxc6 17.Be5 Bd6 18.Bxf6 gxf6 19.Qh5 Kf8 20.e4 Be5 21.exd5 Bxd5 22.Rfe1 Qb4
23.Nf1 Ke7 24.Ne3 Ba8 25.Nc4 Rg8 26.Be4 Bxe4 27.Rxe4 Rg5 28.Rxe5+ Rxe5 29.Nxe5 fxe5
30.Qxe5+ Kd8 31.Qh8+ Kd7 32.Qxh7 Ke7 33.g3 Rd7 34.Qf5 Rd6 35.Qxc5 Qe4 36.Qxa7+ Ke6
37.Qa4  1-0

[Event "Titled Tue 16th Jul Early"]
[Site "chess.com INT"]
[Date "2024.07.16"]
[Round "2"]
[White "Timerkhanov,Alexander"]
[Black "Nakamura,Hi"]
[Result "0-1"]
[WhiteElo "2307"]
[BlackElo "2802"]

1.d4 g6 2.e4 Bg7 3.c3 c6 4.Nf3 d5 5.exd5 cxd5 6.Bd3 Bf5 7.O-O Nc6 8.Bxf5 gxf5
9.Bf4 Nf6 10.Nbd2 O-O 11.Ne5 e6 12.Nxc6 bxc6 13.Be5 Kh8 14.f3 Rg8 15.Kh1 Nh5
16.Bxg7+ Rxg7 17.Qe1 f4 18.Rg1 Ng3+ 19.hxg3 fxg3  0-1

[Event "Titled Tue 16th Jul Late"]
[Site "chess.com INT"]
[Date "2024.07.16"]
[Round "2"]
[White "Do Valle Cardoso,Lucas"]
[Black "Nakamura,Hi"]
[Result "0-1"]
[WhiteElo "2356"]
[BlackElo "2802"]

1.e4 d5 2.exd5 Qxd5 3.Nc3 Qa5 4.d4 c6 5.Nf3 Bf5 6.Bc4 e6 7.Bb3 Nf6 8.O-O Nbd7
9.Re1 Bb4 10.Bd2 O-O 11.h3 Qd8 12.Nh4 Bg6 13.Nxg6 hxg6 14.a3 Bd6 15.Ne4 Nxe4
16.Rxe4 Nf6 17.Bg5 Be7 18.Bxf6 gxf6 19.Qd3 f5 20.Ree1 Kg7 21.Rad1 Bd6 22.c3 Qh4
23.Qf3 Rh8 24.c4 Rad8 25.Qc3 Qf6 26.d5 Qxc3 27.bxc3 cxd5 28.cxd5 e5 29.a4 e4
30.c4 Bc5 31.Kf1 Rh4 32.Rb1 b6 33.Re2 g5 34.Ke1 g4 35.hxg4 Rh1+ 36.Kd2 Rxb1
37.Bc2 Rb4 38.gxf5 Rxc4 39.Bxe4 Re8 40.f3 Rxa4 41.g4 Ra2+ 42.Kd3 Rxe2 43.Kxe2 Rxe4+
44.fxe4 Kf6  0-1

[Event "Titled Tue 16th Jul Early"]
[Site "chess.com INT"]
[Date "2024.07.16"]
[Round "3"]
[White "Nakamura,Hi"]
[Black "Matinian,N"]
[Result "1-0"]
[WhiteElo "2802"]
[BlackElo "2394"]

1.Nf3 Nf6 2.b3 g6 3.Bb2 Bg7 4.d4 d6 5.e3 O-O 6.Be2 c6 7.O-O a5 8.c4 Ne4 9.Bd3 f5
10.Qc2 Na6 11.a3 e5 12.dxe5 Nac5 13.Be2 a4 14.b4 Nb3 15.Ra2 Be6 16.exd6 Qxd6
17.Bxg7 Kxg7 18.Nbd2 Nbxd2 19.Nxd2 Qe5 20.Nf3 Qf6 21.Bd3 Rad8 22.Bxe4 fxe4
23.Nd4 Bf7 24.Rb2 Rfe8 25.c5 Re5 26.Qc3 Kg8 27.b5 Rg5 28.bxc6 bxc6 29.Rfb1 Bb3
30.Rd2 Bd5 31.Ne2 Qf7 32.Nf4 Rf8 33.Rb4 Rf5 34.Qb2 g5 35.Rb7 gxf4 36.Rxf7 R8xf7
37.Qd4 f3 38.Rb2 Rg5 39.Rb8+ Rf8 40.Rxf8+ Kxf8 41.Qf6+  1-0

[Event "Titled Tue 16th Jul Late"]
[Site "chess.com INT"]
[Date "2024.07.16"]
[Round "3"]
[White "Nakamura,Hi"]
[Black "Sahakyan,Aleks"]
[Result "1-0"]
[WhiteElo "2802"]
[BlackElo "2287"]

1.e4 c5 2.Nf3 d6 3.c3 Nf6 4.Bd3 g6 5.Bc2 Bg7 6.d4 cxd4 7.cxd4 O-O 8.O-O Nc6
9.h3 Nb4 10.Bb3 b6 11.a3 Nc6 12.Re1 Ba6 13.Nc3 e5 14.dxe5 dxe5 15.Nd5 h6
16.Bd2 Kh7 17.Bc3 Re8 18.Ba4 Rc8 19.Bxc6 Rxc6 20.Bxe5 Bb7 21.Bxf6 Bxf6 22.Qb3 Bg7
23.Rad1 Rd6 24.Ne3 Rxd1 25.Rxd1 Qe7 26.Nd5 Qe6 27.Qc4 Rc8 28.Qb4 Rc5 29.Qb3 Kh8
30.Qd3 Bxb2 31.a4 Bg7 32.Nd4 Qe5 33.Nb3 Rc8 34.a5 bxa5 35.Nxa5 Bxd5 36.exd5 Rd8
37.Nc6 Qd6 38.Nxd8 Qxd8 39.d6 Bf6 40.d7 Kg7 41.Qc4 Qb6 42.Qc8 Bd8 43.Re1 Qf6
44.Re8 Bb6 45.Re2 Qa1+ 46.Kh2 Qd4 47.g3 Qd3 48.Qe8 Qd4 49.Qe5+ Qxe5 50.Rxe5  1-0

[Event "Titled Tue 16th Jul Late"]
[Site "chess.com INT"]
[Date "2024.07.16"]
[Round "4"]
[White "Vasquez Schroeder,R"]
[Black "Nakamura,Hi"]
[Result "1-0"]
[WhiteElo "2475"]
[BlackElo "2802"]

1.e4 d5 2.exd5 Qxd5 3.Nc3 Qa5 4.g3 Bd7 5.Bg2 Bc6 6.Nf3 e6 7.O-O Nf6 8.d4 Bb4
9.Bd2 Qa6 10.Ne2 Bd6 11.b3 b6 12.c4 O-O 13.Nc3 Qc8 14.Re1 Bb7 15.Bg5 Bb4
16.Qc2 Nbd7 17.Rad1 h6 18.Bd2 Rd8 19.Nb5 Bxd2 20.Qxd2 Nf8 21.Qe3 Ng6 22.Ne5 Nf8
23.Nc6 Rd7 24.Ncxa7 Qb8 25.Nc6 Qe8 26.a4 Qc8 27.d5 Bxc6 28.dxc6 Re7 29.Rd2 e5
30.Red1 e4 31.h3 Qe6 32.Rd8 Rxd8 33.Rxd8 Qxc6 34.Qd4 Ne8 35.Nc3 Nf6 36.Nd5 Nxd5
37.Qxd5 Qxd5 38.cxd5 f5 39.d6 cxd6 40.Rxd6 Rc7 41.Rxb6 Rc1+ 42.Bf1 Nd7 43.Rb5 g6
44.Kg2 Rc2 45.Bc4+ Kf8 46.a5 e3 47.Kf3 exf2 48.Kg2 Ra2 49.b4 Rc2 50.Be6 Nf6
51.Rc5 Re2 52.Kf1 Rxe6 53.b5 Re1+ 54.Kxf2 Ra1 55.Rc8+ Ke7 56.Ra8 Nd5 57.Ra7+ Kd6
58.b6 Kc6 59.b7 Kc7 60.a6 Nb4 61.Ra8 Nxa6 62.b8=Q+ Nxb8 63.Rxa1 Nc6 64.Rd1 Ne5
65.Ke3 Kc6 66.Kf4 Nf7 67.g4 fxg4 68.hxg4 Nd6 69.Ke5 Nc4+ 70.Kf6 Ne3 71.Rd4 g5
72.Kg6 Kc5 73.Ra4 Kb5 74.Re4  1-0

[Event "Titled Tue 16th Jul Early"]
[Site "chess.com INT"]
[Date "2024.07.16"]
[Round "4"]
[White "Janik,Igor"]
[Black "Nakamura,Hi"]
[Result "0-1"]
[WhiteElo "2511"]
[BlackElo "2802"]

1.e4 d5 2.Nc3 dxe4 3.Nxe4 e5 4.Bc4 f5 5.Nc3 Bd6 6.d3 Nf6 7.Nf3 Nc6 8.Bg5 h6
9.Bxf6 Qxf6 10.O-O Bd7 11.Nd5 Qg6 12.Nh4 Qg5 13.Nf3 Qh5 14.Nd2 Qg6 15.Re1 O-O-O
16.a4 Rhe8 17.a5 a6 18.c3 e4 19.dxe4 fxe4 20.Ne3 Ne5 21.Qb3 Bc6 22.Rad1 Bc5
23.Be2 Nd3 24.Bxd3 exd3 25.g3 Qh5 26.Qc4 Rxe3 27.fxe3 Bxe3+ 28.Rxe3 Qxd1+
29.Nf1 Qc2 30.Qe6+ Kb8  0-1

[Event "Titled Tue 16th Jul Early"]
[Site "chess.com INT"]
[Date "2024.07.16"]
[Round "5"]
[White "Nakamura,Hi"]
[Black "Kramnik,V"]
[Result "0-1"]
[WhiteElo "2802"]
[BlackElo "2753"]

1.g4 d5 2.Bg2 Bxg4 3.c4 c6 4.Qb3 e6 5.cxd5 exd5 6.Qxb7 Nd7 7.Nc3 Rc8 8.d4 Bd6
9.e4 Ne7 10.e5 Bc7 11.Qa6 O-O 12.h3 Bf5 13.Nf3 f6 14.e6 Bxe6 15.O-O Ng6 16.Re1 Re8
17.Bd2 Nb6 18.b3 Qd6 19.Rac1 Nh4 20.Re3 Bxh3 21.Nxh4 Qh2+ 22.Kf1 Bxg2+ 23.Nxg2 Qh1+
24.Ke2 Qxg2 25.Kd3 Qg6+ 26.Ke2 Bf4 27.Qxa7 Bxe3 28.Bxe3 Rb8 29.Qc7 Qg4+ 30.Kd2 Qd7
31.Qxd7 Nxd7 32.Bf4 Rbc8 33.a4 g5 34.Bh2 h5 35.a5 Kf7 36.b4 f5 37.Rg1 Rg8
38.Bd6 f4 39.Na4 Ke6 40.Bc5 Kf5 41.Rh1 h4 42.f3 Rce8 43.Nc3 Re3 44.a6 Rxf3
45.a7 Ra8 46.Ra1 h3 47.b5 cxb5 48.Nxb5 h2 49.Nc7 Nxc5 50.Nxa8  0-1

[Event "Titled Tue 16th Jul Late"]
[Site "chess.com INT"]
[Date "2024.07.16"]
[Round "5"]
[White "Gustafsson,J"]
[Black "Nakamura,Hi"]
[Result "0-1"]
[WhiteElo "2604"]
[BlackElo "2802"]

1.Nf3 g6 2.e4 Bg7 3.d4 c6 4.Be2 d5 5.e5 Bg4 6.Nbd2 c5 7.dxc5 Nc6 8.O-O e6
9.c4 Nge7 10.h3 Bxf3 11.Nxf3 Nxe5 12.Nxe5 Bxe5 13.cxd5 Nxd5 14.Bb5+ Kf8 15.Bh6+ Bg7
16.Bxg7+ Kxg7 17.Qd4+ Qf6 18.Rfd1 Rac8 19.Rac1 Rc7 20.c6 b6 21.a3 a5 22.b4 axb4
23.axb4 Ra8 24.Bf1 Qxd4 25.Rxd4 Ra4 26.Rb1 Nc3 27.Rb3 Rxc6 28.Bc4 Ra1+ 29.Kh2 Rc1
30.b5 Rc7 31.Rb4 Nd1 32.Kg3 Rc3+ 33.f3 Ne3 34.Be2 Nf5+  0-1

[Event "Titled Tue 16th Jul Late"]
[Site "chess.com INT"]
[Date "2024.07.16"]
[Round "6"]
[White "Nakamura,Hi"]
[Black "Skvortsov,Andrei"]
[Result "1-0"]
[WhiteElo "2802"]
[BlackElo "2331"]

1.Nf3 g6 2.e4 c5 3.c3 Bg7 4.d4 cxd4 5.cxd4 d5 6.e5 Bg4 7.Nbd2 a6 8.h3 Bf5
9.Nh4 Bd7 10.Bd3 Nc6 11.Nhf3 Qb6 12.Nb3 Nb4 13.Bb1 h5 14.O-O Bh6 15.Nc5 Bb5
16.Re1 Bxc1 17.Qxc1 e6 18.a3 Nc6 19.a4 Bc4 20.b3 Bxb3 21.Bxg6 fxg6 22.Rb1 Na5
23.Nxb3 Nxb3 24.Qc2 Ne7 25.Rxb3 Qc6 26.Rc3 Qd7 27.Rc7 Qd8 28.Rb1 b5 29.axb5 axb5
30.Rxb5 O-O 31.Rbb7 Rc8 32.Qxg6+  1-0

[Event "Titled Tue 16th Jul Early"]
[Site "chess.com INT"]
[Date "2024.07.16"]
[Round "6"]
[White "Piorun,K"]
[Black "Nakamura,Hi"]
[Result "0-1"]
[WhiteElo "2603"]
[BlackElo "2802"]

1.e4 d5 2.exd5 Qxd5 3.Nc3 Qa5 4.d4 c6 5.Nf3 Bf5 6.Bc4 e6 7.O-O Nf6 8.h3 Bb4
9.Bd2 O-O 10.Re1 Nbd7 11.a3 Bxc3 12.Bxc3 Qc7 13.Bf1 Rad8 14.Qc1 Bg6 15.Bd2 c5
16.Bf4 Qc8 17.dxc5 Nxc5 18.b4 Ncd7 19.c4 b6 20.Bd6 Rfe8 21.Qf4 Nh5 22.Qe3 Ndf6
23.Bh2 Ne4 24.Ne5 Nd6 25.g4 Nf6 26.Red1 Nb7 27.Bg2 Bc2 28.Rxd8 Nxd8 29.Rc1 Ba4
30.b5 Nd7 31.Nc6 Nxc6 32.Bxc6 Rd8 33.Bd6 Nb8 34.Bxb8 Qxb8 35.Kg2 h6 36.Rc3 Qc7
37.h4 Bd1 38.g5 hxg5 39.hxg5 Bh5 40.Rd3 Bg6 41.Rd4 Rxd4 42.Qxd4 Qe7 43.f4 Qxa3
44.Be4 Qc5 45.Qd3 Bxe4+ 46.Qxe4 g6 47.Qd3 Kh7 48.Qh3+ Kg7 49.Qc3+ Kg8 50.Qd3 e5
51.Qd8+ Kh7 52.Qf6 Qxc4 53.fxe5 Qd5+ 54.Kg3 Kg8 55.Qe7 Qxb5 56.Qd8+ Kh7 57.Qc7 Qb3+
58.Kf4 a5 59.Qa7 a4 60.e6 Qxe6 61.Qxa4 Qf5+  0-1

[Event "Titled Tue 16th Jul Early"]
[Site "chess.com INT"]
[Date "2024.07.16"]
[Round "7"]
[White "Nakamura,Hi"]
[Black "Dzhumagaliev,Y"]
[Result "1-0"]
[WhiteElo "2802"]
[BlackElo "2411"]

1.Nf3 c5 2.b3 Nc6 3.Bb2 d6 4.d4 cxd4 5.Nxd4 Nf6 6.g3 e5 7.Nxc6 bxc6 8.Bg2 Qc7
9.c4 Be7 10.O-O O-O 11.Nc3 Rb8 12.Rc1 Be6 13.Qd2 h6 14.Rfd1 Qb7 15.Na4 Nd7
16.Ba3 Nc5 17.Bxc5 dxc5 18.Qa5 Bg4 19.Nxc5 Qc8 20.Bf3 Bxf3 21.exf3 Rd8 22.Rxd8+ Qxd8
23.Qxd8+ Rxd8 24.Na6 Rd2 25.c5 e4 26.fxe4 Bf6 27.Nb4 Bd4 28.Nxc6 Bxf2+ 29.Kh1 Kf8
30.Ne5 Ke7 31.c6 Bb6 32.c7 Bxc7 33.Rxc7+ Ke6 34.Nxf7 Rxa2 35.Nd8+ Ke5 36.Rxg7 Kxe4
37.Rf7 a5 38.Nc6 Kd5 39.Nxa5 Ke6 40.Rh7 Kf5 41.Rxh6 Kg4 42.Rh4+ Kf3 43.Rf4+ Ke3
44.Nc4+ Kd3 45.h4  1-0

[Event "Titled Tue 16th Jul Late"]
[Site "chess.com INT"]
[Date "2024.07.16"]
[Round "7"]
[White "Terry,R"]
[Black "Nakamura,Hi"]
[Result "0-1"]
[WhiteElo "2526"]
[BlackElo "2802"]

1.e4 d5 2.exd5 Qxd5 3.Nc3 Qa5 4.Bc4 c6 5.d3 Bf5 6.Qe2 e6 7.g4 Bg6 8.f4 Be7
9.Nf3 Nd7 10.Bd2 Qc7 11.O-O O-O-O 12.h3 h5 13.g5 Bf5 14.Kg2 Bd6 15.Nh4 Ne7
16.Ne4 Nb6 17.Bb3 Nbd5 18.Qf3 Bb4 19.Bxb4 Nxb4 20.Ng3 g6 21.Rae1 c5 22.Qe3 b6
23.Qe5 Qxe5 24.fxe5 Nbc6 25.Nhxf5 gxf5 26.Ne2 Ng6 27.Nf4 Ncxe5 28.a4 Nxf4+
29.Rxf4 Ng6 30.Rc4 Kb7 31.a5 h4 32.Kf2 Ne7 33.axb6 axb6 34.Ra4 Ra8 35.Rc4 Rh5
36.Rg1 Rd8 37.Ra4 Rg8 38.Rga1 Nc6 39.Rg1 b5 40.Rf4 Nd4 41.Ba2 Nxc2 42.g6 Rxg6
43.Rxg6 fxg6 44.Bxe6 Kc6 45.Bf7 Rh6 46.Rf3 Kd6 47.Kg1 Nd4 48.Re3 g5 49.Re8 g4
50.Kg2 Rh7  0-1

[Event "Titled Tue 16th Jul Late"]
[Site "chess.com INT"]
[Date "2024.07.16"]
[Round "8"]
[White "Nakamura,Hi"]
[Black "Firouzja,Alireza"]
[Result "0-1"]
[WhiteElo "2802"]
[BlackElo "2744"]

1.Nf3 d5 2.e3 Nf6 3.c4 e6 4.b3 c5 5.Bb2 Nc6 6.cxd5 exd5 7.Be2 d4 8.Bb5 Bd6
9.Bxc6+ bxc6 10.O-O O-O 11.d3 dxe3 12.fxe3 Nd5 13.Qd2 Re8 14.e4 Bf4 15.Qe2 Ba6
16.Ne1 Be3+ 17.Kh1 Rxe4 18.Nd2 Re6 19.Qf3 Qe7 20.Ne4 Rf8 21.Ng3 g6 22.Rd1 f5
23.Nc2 Bh6 24.Qf2 Re8 25.Rfe1 Ne3 26.Nxe3 Bxe3 27.Qf3 Bd4 28.Rxe6 Qxe6 29.Bxd4 cxd4
30.h3 Qd6 31.Nf1 c5 32.Qf2 Bb5 33.Kg1 Kg7 34.Qc2 Re5 35.Rc1 a5 36.Qd2 Bc6
37.Rc2 a4 38.bxa4 Bxa4 39.Rb2 Bc6 40.Rb6 Qd5 41.Rb2 Re7 42.Rc2 Ba4 43.Rb2 Bc6
44.Rc2 Ra7 45.Qf2 Bb5 46.Qg3 Rf7 47.Rb2 f4 48.Qh4 Bxd3 49.Nh2 g5 50.Qe1 Bg6
51.Nf3 h6 52.Rb6 Qe4 53.Qa5 Qe3+ 54.Kh2 Be4 55.Rb3 d3 56.Qc3+ Kh7 57.Rb8 Bxf3
58.Qh8+ Kg6 59.Rb6+ Kf5 60.Qc8+ Ke4 61.Qe6+ Kd4 62.Qxf7 Bd5 63.Qf6+ Qe5 64.Qg6 f3+
65.Kg1 f2+ 66.Kxf2 Qe3+ 67.Kf1 Qe2+ 68.Kg1 Qxg2+  0-1